000 00292nam a2200133Ia 4500
008 231129s1970||||xx |||||||||||||| ||spa||
040 _bspa
082 _a927.5 C578m
100 _aCirici Pellicer A.
245 0 _aMiro en su obra
260 _c1970
264 _aLabor
942 _2ddc
_cBKS
999 _c21247
_d21247